书目信息 |
| 题名: |
城市土壤生态功能与有机废弃物循环利用
|
|
| 作者: | 方海兰 编著 | |
| 分册: | ||
| 出版信息: | 上海 上海科学技术出版社 2014 |
|
| 页数: | 453页 | |
| 开本: | 26cm | |
| 丛书名: | ||
| 单 册: | ||
| 中图分类: | S154.1 , X705 | |
| 科图分类: | ||
| 主题词: | 有机垃圾--废物综合利用--研究 , 城市 , 城市--土壤生态学--研究 , 有机垃圾 , 废物综合利用 , 土壤生态学 | |
| 电子资源: | ||
| ISBN: | 978-7-5478-1996-8 | |
| 000 | 01555nam0 2200313 450 | |
| 001 | 139797 | |
| 005 | 20140913135744.70 | |
| 010 | @a978-7-5478-1996-8@b精装@dCNY 98.00 | |
| 100 | @a20140320d2014 em y0chiy50 ea | |
| 101 | 0 | @achi |
| 102 | @aCN@b310000 | |
| 105 | @aa z 000yy | |
| 200 | 1 | @a城市土壤生态功能与有机废弃物循环利用@Acheng shi tu rang sheng tai gong neng yu you ji fei qi wu xun huan li yong@b专著@dEcological function of urban soils and recycling of organic wastes@f方海兰等编著@zeng |
| 210 | @a上海@c上海科学技术出版社@d2014 | |
| 215 | @a453页@c图@d26cm | |
| 314 | @a主编:方海兰 | |
| 330 | @a本书立足城市土壤生态功能的提升和城市有机废弃物土地利用的有机结合,依次阐明了城市土壤的研究背景、定义、分类、生态功能、组成、特点以及有机废弃物土地利用的发展史和有机废弃物土地利用对城市土壤生态功能的维护作用;重点介绍了污泥、绿化植物废弃物和生活垃圾的处理处置、物质组成、对土壤改良和修复作用以及在绿化上应用效果;简要介绍了其他可以在绿化上应用的各种废弃物基本特点、利用效果或使用方法;列举了有机废弃物在盐碱土改良、绿地消纳和绿化上应用效果的典型案例;提供了我们长期应用试验以及国内外有机废弃物土地应用效果的经典图片。 | |
| 510 | 1 | @aEcological function of urban soils and recycling of organic wastes@zeng |
| 606 | 0 | @a有机垃圾@x废物综合利用@x研究 |
| 606 | 0 | @a城市 |
| 606 | 0 | @a城市@x土壤生态学@x研究 |
| 606 | 0 | @a有机垃圾 |
| 606 | 0 | @a废物综合利用 |
| 606 | 0 | @a土壤生态学 |
| 690 | @aS154.1@v5 | |
| 690 | @aX705@v5 | |
| 701 | 0 | @a方海兰@Afang hai lan@4编著@4主编 |
| 801 | 0 | @c20140913 |
| 905 | @a241430@dS154.1@eF200\ | |
| 城市土壤生态功能与有机废弃物循环利用=Ecological function of urban soils and recycling of organic wastes/方海兰等编著.-上海:上海科学技术出版社,2014 |
| 453页:图;26cm |
| ISBN 978-7-5478-1996-8(精装):CNY 98.00 |
| 本书立足城市土壤生态功能的提升和城市有机废弃物土地利用的有机结合,依次阐明了城市土壤的研究背景、定义、分类、生态功能、组成、特点以及有机废弃物土地利用的发展史和有机废弃物土地利用对城市土壤生态功能的维护作用;重点介绍了污泥、绿化植物废弃物和生活垃圾的处理处置、物质组成、对土壤改良和修复作用以及在绿化上应用效果;简要介绍了其他可以在绿化上应用的各种废弃物基本特点、利用效果或使用方法;列举了有机废弃物在盐碱土改良、绿地消纳和绿化上应用效果的典型案例;提供了我们长期应用试验以及国内外有机废弃物土地应用效果的经典图片。 |
| ● |
| 相关链接 |
|
|
|
正题名:城市土壤生态功能与有机废弃物循环利用
索取号:S154.1/F200\
 
预约/预借
| 序号 | 登录号 | 条形码 | 馆藏地/架位号 | 状态 | 备注 |
| 1 | 0832108 | 208321083 | 自科库401/401自科库 66排6列2层/ [索取号:S154.1/F200\] | 在馆 | |
| 2 | 0832109 | 208321092 | 自科库401/401自科库 66排6列2层/ [索取号:S154.1/F200\] | 在馆 | |
| 3 | 0832110 | 208321109 | 自科库401/401自科库 66排6列2层/ [索取号:S154.1/F200\] | 在馆 |